[Event "CZE-chT1W 2223"]
[Site "Czech Republic"]
[Date "2023.02.12"]
[Round "8.2"]
[White "Fajman, Petr"]
[Black "Cerveny, Petr"]
[Result "0-1"]
[WhiteElo "2143"]
[BlackElo "2325"]
[PlyCount "76"]
[EventDate "2022.10.09"]
[EventType "team-tourn"]
[EventRounds "11"]
[EventCountry "CZE"]
[SourceTitle "CBM 213 Extra"]
[Source "ChessBase"]
[SourceDate "2023.05.31"]
[SourceVersion "1"]
[SourceVersionDate "2023.05.31"]
[SourceQuality "1"]
[WhiteTeam "Neratovice"]
[BlackTeam "Polabiny II"]
[WhiteTeamCountry "CZE"]
[BlackTeamCountry "CZE"]

1. d4 Nf6 2. c4 g6 3. Nc3 Bg7 4. e4 d6 5. f3 0-0 6. Bg5 c5 7. d5 h6 8. Be3 e6 9. Nge2 exd5 10. cxd5 a6 11. a4 Nbd7 12. Qd2 Nh7 13. Nf4 Ne5 14. Be2 Rb8 15. 0-0 Bd7 16. Rab1 Qa5 17. Rfc1 Rfc8 18. b3 b5 19. axb5 Bxb5 20. Nxb5 Qxd2 21. Bxd2 axb5 22. b4 c4 23. Bc3 Ra8 24. Bd1 Ra3 25. Ne2 Nd3 26. Rc2 Rb3 27. Ra1 Bxc3 28. Rxc3 Rxb4 29. Nd4 Rb2 30. Nc6 Kf8 31. f4 Nf6 32. Bf3 Nxf4 33. Kf1 Re8 34. Re1 Nd3 35. Rxd3 cxd3 36. e5 d2 37. Ra1 dxe5 38. d6 Rc2 0-1

[Event "CZE-chT1W 2122"]
[Site "Czech Republic"]
[Date "2021.11.28"]
[Round "4.5"]
[White "Jurek, Josef"]
[Black "Fajman, Petr"]
[Result "1/2-1/2"]
[WhiteElo "2208"]
[BlackElo "2170"]
[PlyCount "62"]
[EventDate "2021.10.10"]
[EventType "team-tourn"]
[EventRounds "11"]
[EventCountry "CZE"]
[SourceTitle "EXT 2023"]
[Source "ChessBase"]
[SourceDate "2022.10.05"]
[SourceVersion "1"]
[SourceVersionDate "2022.10.05"]
[SourceQuality "1"]
[WhiteTeam "Vysehrad SK Sokol"]
[BlackTeam "Neratovice"]
[WhiteTeamCountry "CZE"]
[BlackTeamCountry "CZE"]

1. Nf3 c5 2. c4 g6 3. d4 cxd4 4. Nxd4 Bg7 5. e4 Nc6 6. Be3 Nf6 7. Nc3 Ng4 8. Qxg4 Nxd4 9. Qd1 Nc6 10. Rc1 d6 11. Be2 0-0 12. 0-0 Be6 13. Qd2 Qa5 14. b3 Rad8 15. Rfd1 a6 16. Nd5 Qxd2 17. Rxd2 Rc8 18. Nb6 Rc7 19. h3 Re8 20. Rcd1 Bc3 21. Rc2 Bg7 22. a3 Ne5 23. Rcd2 Nd7 24. Nxd7 Rxd7 25. Bb6 f5 26. exf5 Bxf5 27. c5 Bc3 28. Bc4+ Kg7 29. Re2 dxc5 30. Rxd7 Bxd7 31. Bxc5 e6 1/2-1/2

[Event "CZE-chT2B 1920"]
[Site "Czech Republic"]
[Date "2020.06.18"]
[Round "10.3"]
[White "Fajman, Petr"]
[Black "Smid, Pavel"]
[Result "0-1"]
[WhiteElo "2191"]
[BlackElo "2010"]
[PlyCount "60"]
[EventDate "2019.10.13"]
[EventType "team-tourn"]
[EventRounds "11"]
[EventCountry "CZE"]
[SourceTitle "EXT 2024"]
[Source "ChessBase"]
[SourceDate "2023.10.10"]
[SourceVersion "1"]
[SourceVersionDate "2023.10.10"]
[SourceQuality "1"]
[WhiteTeam "Praha Dukla"]
[BlackTeam "Usti nad Labem"]
[WhiteTeamCountry "CZE"]
[BlackTeamCountry "CZE"]

1. d4 Nf6 2. c4 e6 3. Nc3 Bb4 4. Qc2 Nc6 5. Nf3 0-0 6. a3 Bxc3+ 7. Qxc3 d6 8. b4 a6 9. b5 axb5 10. cxb5 Ne7 11. e3 Ned5 12. Qb2 Ne4 13. Bd3 f5 14. 0-0 Rf6 15. Bd2 Rg6 16. Qc2 Ndf6 17. Rfc1 Ng4 18. Bxe4 fxe4 19. Qxe4 e5 20. dxe5 dxe5 21. Be1 Qf6 22. g3 Bf5 23. Qxb7 Rf8 24. Nd2 Rh6 25. Nf1 e4 26. Bc3 Qf7 27. Rc2 Bc8 28. Qxe4 Nxf2 29. Rxf2 Qxf2+ 30. Kh1 Qxf1+ 0-1

[Event "CZE-chT1W 1920"]
[Site "Czech Republic"]
[Date "2020.06.13"]
[Round "10.6"]
[White "Fajman, Petr"]
[Black "Pychova, Nela"]
[Result "1/2-1/2"]
[WhiteElo "2191"]
[BlackElo "2178"]
[PlyCount "93"]
[EventDate "2019.10.20"]
[EventType "team-tourn"]
[EventRounds "11"]
[EventCountry "CZE"]
[SourceTitle "EXT 2021"]
[Source "ChessBase"]
[SourceDate "2020.10.23"]
[SourceVersion "1"]
[SourceVersionDate "2020.10.23"]
[SourceQuality "1"]
[WhiteTeam "Neratovice"]
[BlackTeam "Vlasim Spartak"]
[WhiteTeamCountry "CZE"]
[BlackTeamCountry "CZE"]

1. d4 Nf6 2. c4 e6 3. Nc3 Bb4 4. Qc2 0-0 5. Nf3 d5 6. a3 Bxc3+ 7. Qxc3 Ne4 8. Qc2 a5 9. b3 c6 10. e3 Nd7 11. Bd3 f5 12. 0-0 Qe8 13. Ne5 Nxe5 14. dxe5 Nc5 15. Be2 b6 16. Bb2 Bb7 17. b4 Nd7 18. f4 Qe7 19. Bc3 Ra7 20. Rfc1 a4 21. Be1 c5 22. Bf3 Qf7 23. Rab1 Rc8 24. Qd1 Ba8 25. bxc5 bxc5 26. Rb2 Ra6 27. Rcb1 h6 28. Bh5 Qe7 29. Bf3 Qf7 30. Rb7 Bxb7 31. Rxb7 Rb8 32. cxd5 Rxb7 33. dxe6 Rxe6 34. Bxb7 Nb6 35. Bf3 Kh7 36. Qc2 c4 37. Bb4 g6 38. Bd6 Qa7 39. Kf2 Qa5 40. g4 fxg4 41. Bxg4 Rxd6 42. exd6 Qd5 43. d7 Nxd7 44. Bxd7 Qxd7 45. Qxc4 h5 46. Qd4 Qh3 47. Kg1 1/2-1/2

[Event "CZE-chT1W 1920"]
[Site "Czech Republic"]
[Date "2020.02.16"]
[Round "8.2"]
[White "Kucera, Petr"]
[Black "Fajman, Petr"]
[Result "1/2-1/2"]
[WhiteElo "2225"]
[BlackElo "2191"]
[PlyCount "81"]
[EventDate "2019.10.20"]
[EventType "team-tourn"]
[EventRounds "11"]
[EventCountry "CZE"]
[SourceTitle "CBM 195 Extra"]
[Source "ChessBase"]
[SourceDate "2020.05.31"]
[SourceVersion "1"]
[SourceVersionDate "2020.05.31"]
[SourceQuality "1"]
[WhiteTeam "Turnov Zikuda II"]
[BlackTeam "Neratovice"]
[WhiteTeamCountry "CZE"]
[BlackTeamCountry "CZE"]

1. d4 Nf6 2. c4 g6 3. Nc3 Bg7 4. e4 d6 5. f3 0-0 6. Be3 e5 7. d5 Ne8 8. Qd2 f5 9. exf5 gxf5 10. 0-0-0 Nd7 11. Bd3 a6 12. Kb1 Rb8 13. Bg5 Bf6 14. h4 Nc5 15. Bc2 b5 16. cxb5 axb5 17. b4 Na4 18. Nxa4 bxa4 19. a3 Ng7 20. Ne2 Bd7 21. Nc3 Kh8 22. g4 fxg4 23. Ne4 Be7 24. fxg4 Bxg4 25. Rdg1 Bf5 26. Bh6 Rf7 27. Ng3 Bxc2+ 28. Qxc2 Qd7 29. Bxg7+ Rxg7 30. Nf5 Rxg1+ 31. Rxg1 Bf6 32. Qe4 Rg8 33. Rxg8+ Kxg8 34. Qg4+ Kh8 35. h5 Qb5 36. Qf3 e4 37. Qxe4 Qf1+ 38. Kc2 Qf2+ 39. Kd1 Qf1+ 40. Kc2 Qf2+ 41. Kd3 1/2-1/2

[Event "CZE-chT2B 1920"]
[Site "Czech Republic"]
[Date "2020.02.09"]
[Round "8.2"]
[White "Parizek, Vojtech"]
[Black "Fajman, Petr"]
[Result "1-0"]
[WhiteElo "2195"]
[BlackElo "2191"]
[PlyCount "47"]
[EventDate "2019.10.13"]
[EventType "team-tourn"]
[EventRounds "11"]
[EventCountry "CZE"]
[SourceTitle "EXT 2024"]
[Source "ChessBase"]
[SourceDate "2023.10.10"]
[SourceVersion "1"]
[SourceVersionDate "2023.10.10"]
[SourceQuality "1"]
[WhiteTeam "Kobylisy"]
[BlackTeam "Praha Dukla"]
[WhiteTeamCountry "CZE"]
[BlackTeamCountry "CZE"]

1. e4 c5 2. Nf3 d6 3. d4 cxd4 4. Nxd4 Nf6 5. Nc3 a6 6. Bg5 e6 7. f4 Qc7 8. Qf3 Nc6 9. Nxc6 bxc6 10. 0-0-0 Bb7 11. g4 Be7 12. Rg1 Rb8 13. Bxf6 gxf6 14. f5 Bc8 15. Bc4 Qb7 16. Bb3 c5 17. g5 fxg5 18. f6 Bf8 19. Qh5 Rg8 20. e5 Bd7 21. Qxh7 Rg6 22. Rxd6 Bxd6 23. exd6 Bc6 24. d7+ 1-0

[Event "CZE-chT2C 1819"]
[Site "Czech Republic"]
[Date "2019.03.17"]
[Round "10.6"]
[White "Fajman, Petr"]
[Black "Pick, Stepan"]
[Result "1/2-1/2"]
[WhiteElo "2225"]
[BlackElo "2017"]
[PlyCount "59"]
[EventDate "2018.10.14"]
[EventType "team-tourn"]
[EventRounds "11"]
[EventCountry "CZE"]
[SourceTitle "EXT 2022"]
[Source "ChessBase"]
[SourceDate "2021.10.06"]
[SourceVersion "1"]
[SourceVersionDate "2021.10.06"]
[SourceQuality "1"]
[WhiteTeam "Neratovice II"]
[BlackTeam "Pankrac II"]
[WhiteTeamCountry "CZE"]
[BlackTeamCountry "CZE"]

1. d4 d5 2. c4 e6 3. Nf3 a6 4. b3 Nf6 5. e3 b6 6. Bd3 Bd6 7. 0-0 0-0 8. Bb2 Bb7 9. Ne5 Nbd7 10. Nd2 Ne4 11. f3 Nxd2 12. Qxd2 Nxe5 13. dxe5 Bc5 14. cxd5 Qxd5 15. Qe2 Qd7 16. Kh1 Rfd8 17. Rad1 Qe7 18. f4 g6 19. e4 a5 20. Rf3 Bd4 21. Bc1 f6 22. exf6 Bxf6 23. Rg3 Rd7 24. Rf1 Rxd3 25. Rxd3 Ba6 26. Rfd1 Bxd3 27. Rxd3 Rd8 28. Be3 Kf7 29. Kg1 Qb4 30. Rxd8 1/2-1/2

[Event "CZE-chT1W 1819"]
[Site "Czech Republic"]
[Date "2019.03.03"]
[Round "9.2"]
[White "Kraus, Tomas"]
[Black "Fajman, Petr"]
[Result "1-0"]
[WhiteElo "2451"]
[BlackElo "2225"]
[PlyCount "143"]
[EventDate "2018.10.21"]
[EventType "team-tourn"]
[EventRounds "11"]
[EventCountry "CZE"]
[SourceTitle "CBM 189 Extra"]
[Source "ChessBase"]
[SourceDate "2019.06.03"]
[SourceVersion "1"]
[SourceVersionDate "2019.06.03"]
[SourceQuality "1"]
[WhiteTeam "Turnov Zikuda II"]
[BlackTeam "Praha Dukla"]
[WhiteTeamCountry "CZE"]
[BlackTeamCountry "CZE"]

1. d4 Nf6 2. c4 g6 3. Nc3 Bg7 4. e4 d6 5. Bd3 0-0 6. Nge2 c5 7. d5 Nbd7 8. Ng3 h5 9. 0-0 Ne5 10. Be2 Nh7 11. h3 h4 12. Nh1 f5 13. f4 Nf7 14. exf5 Bxf5 15. Kh2 Nh6 16. g4 hxg3+ 17. Nxg3 Bd7 18. Qc2 Nf5 19. Nxf5 Bxf5 20. Bd3 Qd7 21. Rg1 Bxh3 22. Bxg6 Bf5 23. Qg2 Bxg6 24. Qxg6 Rf7 25. Ne4 Qf5 26. Bd2 Kh8 27. Rg3 Qxg6 28. Rxg6 Bd4 29. Rh1 Rg8 30. Rh6 Kg7 31. Kg2 Kf8+ 32. Kf3 Rgg7 33. Ke2 Ke8 34. Kd3 Kd7 35. b4 b6 36. bxc5 bxc5 37. R6h3 Nf6 38. Rb1 Nxe4 39. Kxe4 e5 40. Rh8 Ke7 41. Rb7+ Kf6 42. Rh6+ Rg6 43. Rxf7+ Kxf7 44. Rxg6 Kxg6 45. f5+ Kf7 46. Ba5 a6 47. Bc7 Ke7 48. f6+ Kxf6 49. Bxd6 Bf2 50. Bxe5+ Ke7 51. Bf4 Be1 52. Kf5 Bc3 53. Be5 Be1 54. Ke4 Bh4 55. Kd3 Kd7 56. Kc3 Be1+ 57. Kb3 Ba5 58. Ka4 Be1 59. Bb8 Bd2 60. Ba7 Kd6 61. Bb6 Be1 62. Ba5 Bh4 63. Bd2 Bd8 64. Be1 Ke5 65. Ba5 Bh4 66. Bc7+ Kd4 67. Kb3 Bg5 68. Bg3 Ke4 69. Bd6 Kd4 70. Bf8 Bd8 71. d6 Ke5 72. Be7 1-0

[Event "CZE-chT1W 1819"]
[Site "Czech Republic"]
[Date "2019.02.03"]
[Round "7.2"]
[White "Fajman, Petr"]
[Black "Hrabusa, Matej"]
[Result "1/2-1/2"]
[WhiteElo "2225"]
[BlackElo "2402"]
[PlyCount "68"]
[EventDate "2018.10.21"]
[EventType "team-tourn"]
[EventRounds "11"]
[EventCountry "CZE"]
[SourceTitle "CBM 188 Extra"]
[Source "ChessBase"]
[SourceDate "2019.02.26"]
[SourceVersion "1"]
[SourceVersionDate "2019.02.26"]
[SourceQuality "1"]
[WhiteTeam "Praha Dukla"]
[BlackTeam "Polabiny"]
[WhiteTeamCountry "CZE"]
[BlackTeamCountry "CZE"]

1. d4 Nf6 2. c4 g6 3. Nc3 Bg7 4. e4 d6 5. f3 0-0 6. Bg5 Nc6 7. Nge2 a6 8. Qd2 Rb8 9. Nc1 e5 10. d5 Nd4 11. Bd3 Qe8 12. N1e2 c5 13. Nxd4 exd4 14. Nd1 b5 15. 0-0 Nd7 16. b3 Ne5 17. Nb2 f5 18. h3 Bd7 19. Rae1 Qf7 20. f4 Nxd3 21. Nxd3 fxe4 22. Rxe4 Rbe8 23. Rfe1 Rxe4 24. Rxe4 Re8 25. Nf2 Bf5 26. Re1 h6 27. Bh4 h5 28. g4 hxg4 29. hxg4 Bd7 30. Bg3 Re3 31. Rxe3 dxe3 32. Qxe3 Bd4 33. Qf3 Qe8 34. Kg2 Kg7 1/2-1/2

[Event "CZE-chT2C 1819"]
[Site "Czech Republic"]
[Date "2018.12.16"]
[Round "5.4"]
[White "Srba, Milan"]
[Black "Fajman, Petr"]
[Result "1/2-1/2"]
[WhiteElo "2177"]
[BlackElo "2225"]
[PlyCount "68"]
[EventDate "2018.10.14"]
[EventType "team-tourn"]
[EventRounds "11"]
[EventCountry "CZE"]
[SourceTitle "EXT 2022"]
[Source "ChessBase"]
[SourceDate "2021.10.06"]
[SourceVersion "1"]
[SourceVersionDate "2021.10.06"]
[SourceQuality "1"]
[WhiteTeam "Praha Vrsovice"]
[BlackTeam "Neratovice II"]
[WhiteTeamCountry "CZE"]
[BlackTeamCountry "CZE"]

1. e4 c5 2. Nf3 e6 3. d4 cxd4 4. Nxd4 Nf6 5. Nc3 d6 6. Bg5 a6 7. f4 Nbd7 8. Qf3 Qc7 9. Bd3 b5 10. a3 Qb6 11. Bh4 Bb7 12. Bf2 Qc7 13. 0-0 Be7 14. Rae1 Nc5 15. Kh1 h5 16. Bh4 Nxd3 17. cxd3 Kf8 18. Qh3 Ng4 19. Bg5 Kg8 20. Qg3 Re8 21. h3 Bxg5 22. fxg5 Ne5 23. Rc1 h4 24. Qe3 Qe7 25. Nf3 Rh5 26. Nxe5 dxe5 27. g6 f5 28. Qb6 Rc8 29. exf5 Rxf5 30. Ne4 Rc6 31. Qe3 Rxc1 32. Qxc1 Rxf1+ 33. Qxf1 Bxe4 34. dxe4 Qf6 1/2-1/2

[Event "CZE-chT2C 1819"]
[Site "Czech Republic"]
[Date "2018.10.14"]
[Round "1.4"]
[White "Fajman, Petr"]
[Black "Stolc, Martin"]
[Result "1/2-1/2"]
[WhiteElo "2225"]
[BlackElo "2004"]
[PlyCount "81"]
[EventDate "2018.10.14"]
[EventType "team-tourn"]
[EventRounds "11"]
[EventCountry "CZE"]
[SourceTitle "EXT 2022"]
[Source "ChessBase"]
[SourceDate "2021.10.06"]
[SourceVersion "1"]
[SourceVersionDate "2021.10.06"]
[SourceQuality "1"]
[WhiteTeam "Neratovice II"]
[BlackTeam "Jicin"]
[WhiteTeamCountry "CZE"]
[BlackTeamCountry "CZE"]

1. d4 d6 2. c4 g6 3. Nc3 Bg7 4. e4 Nc6 5. Be3 a6 6. h3 h6 7. Nf3 e5 8. d5 Nce7 9. g4 f5 10. gxf5 gxf5 11. Rg1 Kf8 12. Qc2 f4 13. Bd2 Bd7 14. Nb1 Qc8 15. Rh1 Nf6 16. Bc3 b6 17. Nbd2 Rg8 18. b4 Be8 19. c5 Bg6 20. Bd3 Qe8 21. Kf1 Nexd5 22. exd5 Bxd3+ 23. Qxd3 e4 24. Qc4 exf3 25. Nxf3 bxc5 26. bxc5 Qb5 27. Qxb5 axb5 28. cxd6 cxd6 29. Bb4 Ne8 30. Rb1 Rxa2 31. Bd2 Be5 32. Rxb5 Ra1+ 33. Be1 Ke7 34. Ke2 Nc7 35. Rb7 Kd7 36. Kd3 Kc8 37. Rb3 Ra4 38. Bc3 Bxc3 39. Rxc3 Kd7 40. Rb1 Nxd5 41. Rb7+ 1/2-1/2

[Event "CZE-chT1W 1718"]
[Site "Czech Republic"]
[Date "2018.03.25"]
[Round "10.2"]
[White "Pribyl, Josef"]
[Black "Fajman, Petr"]
[Result "1/2-1/2"]
[WhiteElo "2263"]
[BlackElo "2225"]
[PlyCount "39"]
[EventDate "2017.10.29"]
[EventType "team-tourn"]
[EventRounds "11"]
[EventCountry "CZE"]
[SourceTitle "EXT 2019"]
[Source "ChessBase"]
[SourceDate "2018.10.10"]
[SourceVersion "1"]
[SourceVersionDate "2018.10.10"]
[SourceQuality "1"]
[WhiteTeam "Praha DP Tarok"]
[BlackTeam "Neratovice II"]
[WhiteTeamCountry "CZE"]
[BlackTeamCountry "CZE"]

1. d4 Nf6 2. Nf3 g6 3. g3 Bg7 4. Bg2 0-0 5. 0-0 d6 6. Nc3 Nbd7 7. e4 e5 8. Re1 h6 9. h3 Re8 10. a4 a5 11. dxe5 dxe5 12. Nb5 Bf8 13. b3 Re6 14. Bb2 c6 15. Na3 Qc7 16. Qe2 b6 17. Red1 Ba6 18. Qe3 Rae8 19. Nd2 Kh7 20. Bf1 1/2-1/2

[Event "CZE-chT2C 1718"]
[Site "Czech Republic"]
[Date "2018.03.18"]
[Round "10.3"]
[White "Hrdina, Robin"]
[Black "Fajman, Petr"]
[Result "1/2-1/2"]
[WhiteElo "2165"]
[BlackElo "2225"]
[PlyCount "76"]
[EventDate "2017.10.15"]
[EventType "team-tourn"]
[EventRounds "11"]
[EventCountry "CZE"]
[SourceTitle "EXT 2022"]
[Source "ChessBase"]
[SourceDate "2021.10.06"]
[SourceVersion "1"]
[SourceVersionDate "2021.10.06"]
[SourceQuality "1"]
[WhiteTeam "Vlasim"]
[BlackTeam "Praha Dukla"]
[WhiteTeamCountry "CZE"]
[BlackTeamCountry "CZE"]

1. e4 c5 2. Nf3 d6 3. d4 cxd4 4. Nxd4 Nf6 5. Nc3 a6 6. Bc4 Nbd7 7. Bb3 Nc5 8. Qe2 e6 9. 0-0 Be7 10. Kh1 0-0 11. f4 Nxb3 12. axb3 Bd7 13. e5 Ne8 14. Be3 Rc8 15. Rad1 Qc7 16. Bc1 b5 17. exd6 Nxd6 18. f5 e5 19. Nd5 Qd8 20. Qxe5 Re8 21. f6 Bf8 22. Qh5 g6 23. Qf3 h5 24. h3 Be6 25. Nxe6 Rxe6 26. Bg5 Rxc2 27. Qd3 Rc5 28. b4 Rc4 29. Nf4 Re5 30. h4 Rf5 31. b3 Rxb4 32. Nd5 Rxd5 33. Qxd5 Qb6 34. Rf3 Re4 35. Qa8 Re8 36. Qd5 Re4 37. Bf4 Re6 38. Bg5 Re4 1/2-1/2

[Event "CZE-chT2C 1718"]
[Site "Czech Republic"]
[Date "2017.12.03"]
[Round "4.3"]
[White "Fajman, Petr"]
[Black "Horak, Martin"]
[Result "1-0"]
[WhiteElo "2225"]
[BlackElo "2275"]
[PlyCount "79"]
[EventDate "2017.10.15"]
[EventType "team-tourn"]
[EventRounds "11"]
[EventCountry "CZE"]
[SourceTitle "EXT 2022"]
[Source "ChessBase"]
[SourceDate "2021.10.06"]
[SourceVersion "1"]
[SourceVersionDate "2021.10.06"]
[SourceQuality "1"]
[WhiteTeam "Praha Dukla"]
[BlackTeam "Kutna Hora"]
[WhiteTeamCountry "CZE"]
[BlackTeamCountry "CZE"]

1. d4 Nf6 2. c4 g6 3. Nc3 Bg7 4. e4 0-0 5. f3 d6 6. Bg5 c5 7. d5 e6 8. Nge2 Re8 9. Qd2 exd5 10. cxd5 a6 11. a4 Nbd7 12. Ng3 Rb8 13. Be2 Qc7 14. 0-0 c4 15. Ra3 b5 16. axb5 axb5 17. b4 Nc5 18. Be3 Nb3 19. Qc2 Bd7 20. h3 h5 21. Re1 h4 22. Nf1 Nh5 23. f4 Nd4 24. Qb1 Nxe2+ 25. Rxe2 f5 26. Qe1 Qd8 27. Ra6 Bc8 28. Ra5 fxe4 29. Nxb5 Qf6 30. Qf2 Bd7 31. Bd4 Qxf4 32. Bxg7 Kxg7 33. Qd4+ Kg8 34. Rf2 Qe5 35. Qxe5 Rxe5 36. Nxd6 Rxb4 37. Ra8+ Kg7 38. Rf7+ Kh6 39. Rxd7 Ng3 40. Nf7+ 1-0

[Event "CZE-chT2C 1718"]
[Site "Czech Republic"]
[Date "2017.11.19"]
[Round "3.2"]
[White "Fajman, Petr"]
[Black "Zeman, Matyas"]
[Result "1/2-1/2"]
[WhiteElo "2225"]
[BlackElo "2227"]
[PlyCount "43"]
[EventDate "2017.10.15"]
[EventType "team-tourn"]
[EventRounds "11"]
[EventCountry "CZE"]
[SourceTitle "EXT 2022"]
[Source "ChessBase"]
[SourceDate "2021.10.06"]
[SourceVersion "1"]
[SourceVersionDate "2021.10.06"]
[SourceQuality "1"]
[WhiteTeam "Praha Dukla"]
[BlackTeam "Tabor"]
[WhiteTeamCountry "CZE"]
[BlackTeamCountry "CZE"]

1. d4 Nf6 2. c4 e6 3. g3 d5 4. Bg2 Bb4+ 5. Bd2 Be7 6. Nc3 0-0 7. Nf3 c6 8. b3 Ne4 9. 0-0 f5 10. e3 Nd7 11. Qc2 g5 12. Rad1 g4 13. Ne1 Nxc3 14. Bxc3 Nf6 15. Nd3 Bd7 16. Bb4 Bxb4 17. Nxb4 Ne4 18. Nd3 Qg5 19. f4 gxf3 20. Rxf3 Be8 21. Rf4 Bh5 22. Rdf1 1/2-1/2

[Event "CZE-chT1W 1718"]
[Site "Czech Republic"]
[Date "2017.11.12"]
[Round "2.6"]
[White "Richtrova, Eliska"]
[Black "Fajman, Petr"]
[Result "1/2-1/2"]
[WhiteElo "2217"]
[BlackElo "2225"]
[PlyCount "38"]
[EventDate "2017.10.29"]
[EventType "team-tourn"]
[EventRounds "11"]
[EventCountry "CZE"]
[SourceTitle "EXT 2019"]
[Source "ChessBase"]
[SourceDate "2018.10.10"]
[SourceVersion "1"]
[SourceVersionDate "2018.10.10"]
[SourceQuality "1"]
[WhiteTeam "Ceske Budejovice"]
[BlackTeam "Neratovice II"]
[WhiteTeamCountry "CZE"]
[BlackTeamCountry "CZE"]

1. e4 c5 2. Nc3 Nc6 3. g3 g6 4. Bg2 Bg7 5. d3 e6 6. Be3 d6 7. Qd2 a6 8. Nh3 Rb8 9. 0-0 Ne5 10. f3 Ne7 11. Ne2 b5 12. Nf2 h5 13. Rad1 Qc7 14. c3 Bb7 15. b3 Rc8 16. h3 Nd7 17. g4 d5 18. Bf4 Qb6 19. Bg3 a5 1/2-1/2

[Event "CZE-chT2A 1617"]
[Site "Czech Republic"]
[Date "2017.04.02"]
[Round "11.3"]
[White "Freisler, Pavel"]
[Black "Fajman, Petr"]
[Result "1-0"]
[WhiteElo "2256"]
[BlackElo "2234"]
[PlyCount "141"]
[EventDate "2016.10.09"]
[EventType "team-tourn"]
[EventRounds "11"]
[EventCountry "CZE"]
[SourceTitle "EXT 2022"]
[Source "ChessBase"]
[SourceDate "2021.10.06"]
[SourceVersion "1"]
[SourceVersionDate "2021.10.06"]
[SourceQuality "1"]
[WhiteTeam "Kladno"]
[BlackTeam "Praha Dukla"]
[WhiteTeamCountry "CZE"]
[BlackTeamCountry "CZE"]

1. Nf3 f5 2. g3 g6 3. d4 Nf6 4. Bg2 Bg7 5. 0-0 e6 6. c4 d6 7. Nc3 0-0 8. Qc2 Re8 9. e4 Nbd7 10. e5 dxe5 11. dxe5 Ne4 12. Nxe4 fxe4 13. Qxe4 Nc5 14. Qe3 Qe7 15. b3 Nd7 16. Bb2 a5 17. h4 a4 18. Ng5 Bh6 19. f4 Bxg5 20. hxg5 axb3 21. axb3 Rxa1 22. Rxa1 Nb8 23. Ba3 Qd7 24. Bf3 Rd8 25. Rd1 Qe8 26. Rd3 Rxd3 27. Qxd3 Qd7 28. Qxd7 Nxd7 29. Be7 Nb8 30. Bd8 Na6 31. Kf2 Kf7 32. Ke3 Ke8 33. Bf6 c5 34. f5 gxf5 35. g4 Nb4 36. gxf5 exf5 37. Bh5+ Kf8 38. Bd8 Nc2+ 39. Kd3 Nd4 40. Bc7 Nxb3 41. Kc3 Nd4 42. Bd6+ Kg7 43. Bxc5 Ne6 44. Be7 Nf4 45. Bf6+ Kf8 46. Bf3 Kf7 47. Kb4 Kg6 48. Kb5 Ne6 49. Kb6 Nxg5 50. Bxg5 Kxg5 51. Bd5 f4 52. Kc7 Bg4 53. e6 Kf6 54. Kd6 b6 55. e7 Bh5 56. Bc6 Kf5 57. Kc7 Kg4 58. Kxb6 Kg3 59. c5 Bf7 60. e8Q Bxe8 61. Bxe8 f3 62. Bb5 h5 63. c6 h4 64. c7 h3 65. c8Q h2 66. Qg8+ Kf2 67. Qh7 Kg2 68. Qg6+ Kf2 69. Qh5 Kg2 70. Qg4+ Kf2 71. Qh3 1-0

[Event "CZE-chT1W 1617"]
[Site "Czech Republic"]
[Date "2016.12.04"]
[Round "4.3"]
[White "Fajman, Petr"]
[Black "Vaculik, Martin"]
[Result "1/2-1/2"]
[WhiteElo "2203"]
[BlackElo "2293"]
[PlyCount "91"]
[EventDate "2016.10.16"]
[EventType "team-tourn"]
[EventRounds "11"]
[EventCountry "CZE"]
[SourceTitle "CBM 177 Extra"]
[Source "ChessBase"]
[SourceDate "2017.04.27"]
[SourceVersion "1"]
[SourceVersionDate "2017.04.27"]
[SourceQuality "1"]
[WhiteTeam "Jicin II"]
[BlackTeam "Praha Grop"]
[WhiteTeamCountry "CZE"]
[BlackTeamCountry "CZE"]

1. d4 d5 2. c4 dxc4 3. Nc3 Nf6 4. e4 e5 5. d5 b5 6. Qc2 Bb4 7. a4 c6 8. Bg5 0-0 9. Nf3 Qd6 10. Nd2 a6 11. axb5 Bxc3 12. bxc6 Bxd2+ 13. Bxd2 Nxc6 14. dxc6 Qxc6 15. Bxc4 Be6 16. Bd3 Qxc2 17. Bxc2 Bc4 18. f3 Nd7 19. Bc3 f6 20. Kf2 Rfd8 21. Rhd1 Nc5 22. Rxd8+ Rxd8 23. Ke3 Kf7 24. Rd1 Rxd1 25. Bxd1 Ke6 26. Bb4 Nd7 27. g3 g5 28. Kd2 Nb8 29. Kc3 Bb5 30. Bb3+ Kd7 31. Bg8 h6 32. Bf8 Be2 33. Bxh6 Bxf3 34. Bh7 Nc6 35. h4 gxh4 36. gxh4 Nd4 37. Bg6 Ke6 38. Kc4 f5 39. exf5+ Nxf5 40. Bg5 Ng3 41. Kd3 Bh5 42. Bh7 Ne2 43. Ke3 Nd4 44. Bd3 a5 45. Be4 Nf5+ 46. Bxf5+ 1/2-1/2